Foundations of computer science / (Record no. 176120)
[ view plain ]
| 000 -LEADER | |
|---|---|
| fixed length control field | 01220 a2200217 4500 |
| 003 - CONTROL NUMBER IDENTIFIER | |
| control field | Nust |
| 005 - DATE AND TIME OF LATEST TRANSACTION | |
| control field | 20220720172409.0 |
| 010 ## - LIBRARY OF CONGRESS CONTROL NUMBER | |
| LC control number | 91037894 |
| 020 ## - INTERNATIONAL STANDARD BOOK NUMBER | |
| International Standard Book Number | 0716782332 : |
| 040 ## - CATALOGING SOURCE | |
| Transcribing agency | Nust |
| 082 00 - DEWEY DECIMAL CLASSIFICATION NUMBER | |
| Classification number | 004,AHO |
| 100 1# - MAIN ENTRY--PERSONAL NAME | |
| Personal name | Aho, Alfred V. |
| 9 (RLIN) | 36455 |
| 245 10 - TITLE STATEMENT | |
| Title | Foundations of computer science / |
| Statement of responsibility, etc. | Alfred V. Aho, Jeffrey D. Ullman. |
| 260 ## - PUBLICATION, DISTRIBUTION, ETC. | |
| Place of publication, distribution, etc. | New York : |
| Name of publisher, distributor, etc. | Computer Science Press, |
| Date of publication, distribution, etc. | c1992. |
| 300 ## - PHYSICAL DESCRIPTION | |
| Extent | xiii, 765 p. : |
| Other physical details | ill. ; |
| Dimensions | 27 cm. |
| 440 #0 - SERIES STATEMENT/ADDED ENTRY--TITLE | |
| Title | Principles of computer science series |
| 9 (RLIN) | 94173 |
| 505 ## - FORMATTED CONTENTS NOTE | |
| Formatted contents note | Computer Science The Mechanization of Abstraction (Page-1), Iteration, Induction and Recursion (Page-23), The Running Time of Programs (Page-83), Data Models for The Computer (Page-143), The Tree Data Model (Page-207), The List Data Model (Page-273), The Set Data Model (Page-323), The Relation Data Model (Page-387), The Graph Data Model (Page-435), Patterns, Automata and Regular Expression (Page-509), Recursive Description of Patterns (Page-571), Propositional Logic (Page-619), Using Logic to Design Computer Components (Page-675), Predicate Logic (Page-711), |
| 650 #0 - SUBJECT ADDED ENTRY--TOPICAL TERM | |
| Topical term or geographic name entry element | Computer science. |
| 700 1# - ADDED ENTRY--PERSONAL NAME | |
| Personal name | Ullman, Jeffrey D., |
| Dates associated with a name | 1942- |
| 9 (RLIN) | 94174 |
| 942 ## - ADDED ENTRY ELEMENTS (KOHA) | |
| Source of classification or shelving scheme | |
| Koha item type | Book |
| Call number prefix | 004,AHO |
| Withdrawn status | Lost status | Source of classification or shelving scheme | Damaged status | Not for loan | Permanent Location | Current Location | Shelving location | Date acquired | Full call number | Barcode | Date last seen | Price effective from | Koha item type | Public note |
|---|---|---|---|---|---|---|---|---|---|---|---|---|---|---|
| Military College of Signals (MCS) | Military College of Signals (MCS) | General Stacks | 12/12/2016 | 004,AHO | MCS27149 | 12/08/2016 | 12/12/2016 | Book | Almirah No.1, Self No.3 |
